00687nam a2200181 i 450000100060000000300090000600500170001500700030003200800410003510000460007624501430012226000280026530000220029370000320031585200210034799900170036895201200038595072ES-MaACL20231207063020.0t|050520s1936 sp ||||1| spa d1 aLuna García, Antonio,d1901-196797476713aEl registro Civil de España y los extranjeros b: doctrina y legislación comparada / cpor Antonio Luna García y Werner Galoschmidt. aMadrid : bLex, c1936. a310 p. ; c22 cm.1 aGaloschmidt, Werner.953668 aES-MaACLjA-4452 c95072d95072 00104070aATENEOMbATENEOMcSPP1d2008-01-17eSCl0oA-4452p1099281r2023-02-23 00:00:00w2023-02-23yMONOGRAFIA